Générique Amis City - Paroles - Statistiques

Statistiques générales
  • Ce quiz a été pris 5 fois
  • Le résultat moyen est 7 sur 19
Statistiques - réponses
Paroles % Correct
Rejoins-{nous}
100%
Rejoins-{nous}
100%
Viens vite à Amis {City}
100%
Où l'on s'amuse, où l'on {rit}
80%
Bienvenue à Amis {City}
40%
C'est comme {ça}
40%
Ils t'aideront jour et {nuit}
40%
On vole dans l'{air}
40%
Patrick est là {aussi}
40%
Si tu as un {soucis}
40%
Tiens {voici} Elie
40%
De venir nous {aider} à temps
20%
Ici tout le monde est {sympa}
20%
On prend la {route}
20%
Voici {venir} Frankie
20%
Faut {écouter} Gaby
0%
Ils sont toujours {pressés}
0%
Les gens sont {heureux}
0%
Tout le monde sourit, c'est {super}
0%
Aucun quiz correspondant
Distribution des résultats
% des personnes avec chaque résultat
Percentile par nombre de réponses
Votre historique - résultats
Vous n’avez pas pris ce quiz